| 000 -ლიდერი |
| ფიქსირებული სიგრძის საკონტროლო ველი |
01889nam a22002537a 4500 |
| 003 - საკონტროლო ნომრის იდენტიფიკატორი |
| საკონტროლო ველი |
Ge_BSU |
| 005 - ბოლო ოპერაციის თარიღი და დრო |
| საკონტროლო ველი |
20230324165309.0 |
| 008 - ფიქსირებული სიგრძის მონაცემთა ელემენტები - ზოგადი ინფორმაცია |
| ფიქსირებული სიგრძის საკონტროლო ველი |
230324s2022 ge ||||| |||| 00| 0 geo d |
| 020 ## - წიგნის საერთაშორისო სტანდარტული ნომერი |
| International Standard Book Number |
9789941979163 |
| 041 ## - ენის კოდი |
| Language code of text/sound track or separate title |
geo |
| 080 ## - უნივერსალური ათობითი კლასიფიკაციის ინდექსი |
| Universal Decimal Classification number |
341.176.2 ა-26 |
| 245 ## - ცნობა სათაურის შესახებ |
| Title |
ადამიანის უფლებათა დაცვა: საერთაშორისო და ეროვნული გამოცდილება : |
| Remainder of title |
სტატიათა კრებული / |
| Statement of responsibility, etc |
რედაქტორი კონსტანტინე კორკელია. |
| 264 ## - წარმოების, გამოცემის, დისტრიბუციის და სხვა ცნობები |
| გამოცემის, წარმოების, დისტრიბუციის... ადგილი |
თბილისი, |
| გამოცემის, წარმოების, დისტრიბუციის... თარიღი |
2022. |
| 300 ## - ფიზიკური აღწერა |
| Extent |
208 გვ. ; |
| Other physical details |
24 სმ. |
| 500 ## - ზოგადი შენიშვნა |
| General note |
დოკუმენტი მომზადდა ევროკავშირის (EU) და სამხრეთ კავკასიაში გაეროს ადამიანის უფლებათა უმაღლესი კომისრის ოფისის (OHCHR) ფინანსური მხარდაჭერით. |
| 504 ## - BIBLIOGRAPHY, ETC. NOTE |
| Bibliography, etc |
ბიბლიოგრაფია ტექსტის შენიშვნებში |
| 653 ## - INDEX TERM--UNCONTROLLED |
| Uncontrolled term |
ნაფიც მსაჯულთა საქმეები |
| 653 ## - INDEX TERM--UNCONTROLLED |
| Uncontrolled term |
სიცოცხლის ხელყოფისა და არასათანადო მოპყრობის შემთხვევათა გამოძიებ |
| 700 ## - ADDED ENTRY--PERSONAL NAME |
| Personal name |
ბაგრატიონ-დავითიშვილი, მეგი |
| Relator term |
ავტორი |
| 9 (RLIN) |
17256 |
| 700 ## - ADDED ENTRY--PERSONAL NAME |
| Personal name |
ბალავაძე, მარიამ |
| Relator term |
ავტორი |
| 9 (RLIN) |
17257 |
| 700 ## - ADDED ENTRY--PERSONAL NAME |
| Personal name |
ელიზბარაშვილი, საბა და სხვ. |
| Relator term |
ავტორი |
| 9 (RLIN) |
17258 |
| 700 ## - ADDED ENTRY--PERSONAL NAME |
| Personal name |
კორკელია, კონსტანტინე |
| Relator term |
რედაქტორი |
| 9 (RLIN) |
539 |
| 942 ## - ADDED ENTRY ELEMENTS (KOHA) |
| Source of classification or shelving scheme |
|
| Koha item type |
წიგნი |